000 00633nam a22002537a 4500
003 UA-OsUOA
001 23810
007 ta
008 20040129b un ||||| |||| 00| 0 ukr d
100 _aСурмин Ю.П.
090 _a32.019.5
_bС90
942 _cBK
040 _aUA-OsUOA
_brus
_cUA-OsUOA
_dUA-OsUOA
245 _aТеория общественного мнения
_bКурс лекций
300 _a72 с.
_bІлюстрації
955 _a0
041 _arus
080 _a32.019.5
020 _a966-7312-52-6
260 _aКиев
_bМАУП
_c1999
044 _aRU
650 7 _2UDC
999 _c310069
_d310069